| 000 | 00740cam a22002171 4500 | ||
|---|---|---|---|
| 001 | sa 67000371 | ||
| 003 | DLC | ||
| 005 | 20260227112314.0 | ||
| 008 | 920724s1965 io c 000 0 ind | ||
| 010 | _asa 67000371 | ||
| 025 | _aPL480:Indo-2635 | ||
| 035 | _a(OCoLC)26253881 | ||
| 040 |
_aDLC _cCU _dDLC |
||
| 042 | _apremarc | ||
| 050 | 0 | 0 |
_aDS638 _b.A63 |
| 100 | 1 |
_aAidit, D. N., _d1923-1965. |
|
| 245 | 1 | 0 |
_aPolitik luarnegeri dan revolusi Indonesia _b(kuliah dihadapan pendidikan kader revolusi angkatan Dwikora jang diselenggarakan oleh pengurus besar Front Nasionald di Djakarta) _c[oleh] D.N. Aidit. |
| 260 |
_aDjakarta, _bJajasan Pembaruan, _c1965. |
||
| 300 |
_a70 p. _bport. _c21 cm. |
||
| 651 | 0 |
_aIndonesia _xForeign relations. |
|
| 999 |
_c71944 _d71944 |
||